| 000 | 00916nam a2200313Ia 4500 | ||
|---|---|---|---|
| 008 | 170203s9999 xx 000 0 und d | ||
| 020 | _a0 753405172 | ||
| 050 | _a0 30 | ||
| 050 | _bG195i 1995 | ||
| 100 | _aGaneri, Anita, 1961- | ||
| 245 | 4 | _aThe sea is salty and other questions about the oceans / | |
| 245 | _cAnita Ganeri. | ||
| 260 | _aDanbury, Connecticut : | ||
| 260 | _bGrolier, | ||
| 260 | _c2005 | ||
| 300 | _a32 pages : | ||
| 300 | _bcolor illustrations ; | ||
| 300 | _c29 cm. | ||
| 440 | _aI wonder why series. | ||
| 500 | _aOriginally published: London : Kingfisher, c1995. | ||
| 650 | _aChildren's questions and answers. | ||
| 650 | _aMarine animals -- | ||
| 650 | _aMarine ecology -- | ||
| 650 | _aOcean -- | ||
| 650 | _xJuvenile literature. | ||
| 650 | _xJuvenile literature. | ||
| 650 | _xJuvenile literature. | ||
| 700 | _aI wonder why the sea is salty. Title. | ||
| 999 |
_c305623 _d305623 |
||